|
|
|
|
| LEADER |
00000nas a2200000 a 4500 |
| 001 |
ssj0000390402 |
| 003 |
WaSeSS |
| 005 |
20200512172242.0 |
| 006 |
m d |
| 007 |
cr n |
| 008 |
100218c20109999enkuu pss 0 a0eng c |
| 010 |
|
|
|a 2010243754
|
| 016 |
7 |
|
|a 2573856-2
|2 DE-600
|
| 016 |
7 |
|
|a 101535822
|2 DNLM
|
| 016 |
7 |
|
|a 019044090
|2 Uk
|
| 022 |
|
|
|a 1687-9678
|y 1687-966X
|
| 035 |
|
|
|a (WaSeSS)ssj0000390402
|
| 040 |
|
|
|a FQM
|b eng
|c FQM
|d OCLCQ
|d HEBIS
|d NLM
|d SCB
|d DLC
|d PFM
|d CUS
|d OCLCQ
|d CASUM
|d OCLCA
|d OCLCO
|d OCLCA
|d OCLCF
|d AU@
|d OCLCA
|d UKMGB
|d OCLCQ
|d WaSeSS
|
| 042 |
|
|
|a pcc
|
| 050 |
0 |
0 |
|a QH588.S83
|
| 060 |
1 |
0 |
|a W1
|
| 210 |
1 |
|
|a Stem cells int
|b (Online)
|
| 210 |
1 |
0 |
|a Stem Cells Int
|2 dnlm
|
| 222 |
|
0 |
|a Stem cells international
|b (Online)
|
| 245 |
0 |
0 |
|a Stem cells international
|h [electronic resource].
|
| 246 |
3 |
|
|a SCI
|
| 260 |
|
|
|a London, England ;
|a New York, NY :
|b SAGE-Hindawi Access to Research
|
| 362 |
1 |
|
|a Began with vol. 2010.
|
| 500 |
|
|
|a Articles on special topics also organized in special issues.
|
| 506 |
|
|
|a License restrictions may limit access.
|
| 588 |
|
|
|a Description based on: Vol. 2010; title from journal home page (Publisher's Web site, viewed Feb. 19, 2010).
|
| 588 |
|
|
|a Latest issue consulted: Vol. 2011 (viewed June 20, 2011).
|
| 650 |
|
0 |
|a Stem cells
|v Periodicals.
|
| 650 |
|
0 |
|a Stem cells
|x Therapeutic use
|v Periodicals.
|
| 650 |
|
0 |
|a Stem cells
|x Transplantation
|v Periodicals.
|
| 650 |
|
7 |
|a Stem cells.
|2 fast
|0 (OCoLC)fst01132975
|
| 650 |
|
7 |
|a Stem cells
|x Transplantation.
|2 fast
|0 (OCoLC)fst01200078
|
| 650 |
1 |
2 |
|a Stem Cells.
|
| 650 |
2 |
2 |
|a Cell Differentiation.
|
| 650 |
2 |
2 |
|a Cell Division.
|
| 650 |
2 |
2 |
|a Cell Biology.
|
| 655 |
|
0 |
|a Electronic journals.
|
| 850 |
|
|
|a DLC
|
| 856 |
4 |
0 |
|z Full text available from Research Library: 01/01/2014 to present
|u https://search.proquest.com/publication/2037505
|